Szczegóły MARC21

KONDYCJA i perspektywy rosyjskiego sektora gazowego ; Nowy system "nie-bezpieczeństwa" regionalnego w Azji Centralnej ; Kaspijaska ropa....

005 -DATA I CZAS OSTATNIEJ MODYFIKACJI [,]
    • @
    • pole kontrolne
    • 20070315155141.9
040 -Instytucja sporządzająca opis [ , ]
    • a
    • Instytucja, która sporządziła opis (NP)
    • SZCZ U
    • c
    • Instytucja, która sporządziła rekord (NP)
    • SZCZ U
942 -Rodzaj dokumentu [ , ]
    • c
    • Rodzaj dokumentu
    • Książka
245 -Strefa tytułu i oznaczenia odpowiedzialności [0, ]
    • a
    • Tytuł
    • KONDYCJA i perspektywy rosyjskiego sektora gazowego ; Nowy system "nie-bezpieczeństwa" regionalnego w Azji Centralnej ; Kaspijaska ropa.... Find
260 -Strefa adresu wydawniczego [ , ]
    • a
    • Miejsce wydania (P)
    • Warszawa :
    • b
    • Nazwa wydawcy (P)
    • OSW,
    • c
    • Data wydania (P)
    • 2001.
300 -Strefa opisu fizycznego [ , ]
    • a
    • Określenie formy książki i/lub objętość (NP)
    • 51 :
    • c
    • Format (NP)
    • 30 cm.
490 -Strefa serii i książki wielotomowej - forma nie do wyszukiwania [0, ]
    • z
    • Numer rekordu powiązanego
    • 120685
    • a
    • Tytuł (P)
    • (PRACE OSW / Ośrodek Studiów Wschodnich ; Find
    • y
    • Zob. egzemplarze
    • 1
    • v
    • Numeracja (P)
    • Nr 1)
500 -Uwaga ogólna [ , ]
    • a
    • Uwaga ogólna (NP)
    • ISSN 1642-4484
080 -Uniwersalna Klasyfikacja Dziesiętna [ , ]
    • a
    • Symbol klasyfikacji
    • 665.6/.7(47+57+915-191.2)
980 -Symbol UKD [ , ]
    • a
    • UKD
    • 665.6/.7(47+57+915-191.2)
Status udost. Numer tomu Sygnatura Numer inwentarzowy Powiązanie z serią Data inwentaryzacji Lokalizacja
1Nr 1Tc.1639Tc.163912005-01-26Tc